000 00863nam a2200229 a 4500
999 _c424812
_d424812
003 BLK
005 20231219090849.0
008 190205b bu ||||| |||| 00| 0 bu d
040 _aBLK
041 _aBUL
_cBUL
080 _aФренска литература
_b821.133.1
_x-31
_z821.133.1-31
100 _aВерн, Жул
_9263632
139 _aВерн, Жул
245 _aПриключенията на един китаец
_bРоман
_cЖул Верн ; прев. [от рус.] Цветан Минков
260 _9215560
_aСофия
_bИван Г. Игнатов и синове
_c1930
300 _a149 с.
_c20 см
380 _aX
700 _91121
_aМинков, Цветан Николов
_eпрев. от рус.
852 _aЦб 8.200.2257
_bО
942 _cKNG
_n0
_s1
944 _c2021-07-22
_k30560
_lГеновева Генчева